000
00388nam a22001577a 4500
003
MPLRDC
005
20220104142542.0
008
210129b ||||| |||| 00| 0 eng d
082
_a
788 FYN c.2
100
_a
冯瑜宁、容颖编著
245
_a
自学成功的文学家
_c
260
_a
_b
自学出版社
_c
300
_b
平
650
_a
文学家合传
942
_c
BK
_o
788 FYN c.2
999
_c
31804
_d
31794